000
00208 a2200097 4500
001
20502
100
_a
Selivanova N
245
_a
Inorganic Chemistry
260
_a
_b
Mir Publishers
_c
090
_c
14899
_d
14899
942
_a
NUST-CAE
_c
M
_c
5445
999
_c
255575
_d
255575